Länder der Welt im Jahre 1938 - Statistiken

Allgemein
  • Dieses Quiz wurde 19.888 mal gespielt
    7.316 seit der letzten Aktualisierung
  • Das Durchschnittsergebnis liegt bei 65 aus 76
Antworten auf der Karte
Die Antworten werden auf der Karte rot bzw. grün angezeigt, abhängig davon wie oft sie richtig erraten wurden.
 
Antwortstatistiken
Land % Korrekt
Vereinigte Staaten
98%
Deutschland
97%
Kanada
97%
China
96%
Frankreich
96%
Mexiko
96%
Portugal
96%
Spanien
96%
Vereinigtes Königreich
96%
Australien
95%
Brasilien
95%
Finnland
95%
Irland
95%
Island
95%
Italien
95%
Norwegen
95%
Österreich
95%
Schweden
95%
Schweiz
95%
Südafrika
95%
Türkei
95%
Ägypten
94%
Argentinien
94%
Belgien
94%
Chile
94%
Japan
94%
Niederlande
94%
Dänemark
93%
Estland
93%
Griechenland
93%
Lettland
93%
Litauen
93%
Mongolei
93%
Polen
93%
Sowjetunion
93%
Peru
92%
Saudi-Arabien
92%
Iran
91%
Kolumbien
91%
Neuseeland
91%
Rumänien
91%
Ungarn
91%
Bolivien
90%
Kuba
90%
Uruguay
90%
Bulgarien
89%
Irak
89%
Panama
89%
Venezuela
89%
Albanien
88%
Paraguay
88%
Siam
87%
Ecuador
86%
Nepal
86%
Jugoslawien
85%
Luxemburg
84%
Tschechoslowakei
83%
Afghanistan
82%
Haiti
82%
Honduras
82%
Dominikanische Republik
81%
Costa Rica
80%
El Salvador
79%
Guatemala
79%
Nicaragua
79%
Liechtenstein
75%
Andorra
73%
San Marino
72%
Vatikanstadt
72%
Jemen
69%
Monaco
69%
Liberia
66%
Tibet
55%
Danzig
48%
Tuwa
16%
Hatay
10%
Keine übereinstimmenden Quizze gefunden
Verteilung der Resultate
Anzahl Personen mit jedem Resultat
Perzentil nach korrekt beantworteten Fragen
Ihre Resultats-Entwicklung
Sie haben dieses Quiz seit der letzten Aktualisierung nicht gespielt